Регионална библиотека "Любен Каравелов" - Русе

Икэбана, или Вселенная, запечатленная в цветке (Запис номер 115287)

MARC детайли
000 -Лидер
Контролно поле с фиксирана дължина 01390nam a2200301 c 4500
003 - Код на организацията, давaща контролен номер
Контролно поле BLK
005 - Дата и час на последна редакция
Контролно поле 20180420231042.0
008 - Елементи от данни с фиксирана дължина
fixed length control field 180409b bul|||||r ||||||| ||bul||
010 ## - Наследен системен номер
LC control number KNG00120764000
040 ## - Източник на каталожния запис
Идентификатор на билиотеката - собственик на записа BLK
041 ## - Код за език
Код за езика на текст/звукозапис или на отделно заглавие Руски
Код за езика КДБФ Руски
080 ## - УДК
Текстов определител УДК Подреждане и аранжиране на цветя - Изработване на букети, гирлянди, венци, аранжиране в вази и др. съдове, икебана и др. на сушени растения, семена
УДК код - определител по УДК 745.9
УДК определител
УДК - код + определител 745.9
100 1# - Редна дума - Автор
Автор Пронников, Владимир Алексеевич
Авторска отговорност първи автор
R(LIN) 113209
139 ## - Редно поле
Редна дума Пронников, Владимир Алексеевич
Авторски знак Прод - П 91
245 10 - Сведения за заглавието
Заглавие Икэбана, или Вселенная, запечатленная в цветке
Редно поле (дума) Владимир Алексеевич Пронников.
257 ## - Страна на издаване
Страна на създаване/издаване Русия
260 ## - Област на издателските данни
-- Москва
Име на издателя, разпространителя и проч. Наука
Година на издаване 1985
300 ## - Физическа характеристика
Страници 175 с.
Илюстрации и др. с ил.
Размери/Мащаб 19 см
380 ## - Жанр
Жанр Изкуство
650 #4 - Допълнително описание по предмет – тема
Основно описание – тема или топоним Икебана
9 (RLIN) 156806
650 #4 - Допълнително описание по предмет – тема
Основно описание – тема или топоним Цветя - аранжиране и символика
9 (RLIN) 250675
653 ## - Ключова дума – ненормативна
Ключова дума икебана
852 ## - Местоположение
Форматна сигнатура Цб 140405
856 4# - Електронен адрес и достъп
Електронен формат pdf - файл
Път до файла /url/
856 4# - Електронен адрес и достъп
Електронен формат pdf - файл
Път до файла /url/
942 ## - АРТИКУЛИ
Вид на библиотечния материал Книги
Скрит в OPAC Не
944 ## - СЪЗДАВАНЕ И РЕДАКЦИЯ на ЗАПИСА
Създаване/Редакция Създаване
Дата на регистрацията/редакция 12.01.2011
Статус, дата на статуса добави в АБ / 11.01.2011
Служител, извършил регистрацията/редакцията Наталия_Любомирова
944 ## - СЪЗДАВАНЕ И РЕДАКЦИЯ на ЗАПИСА
Създаване/Редакция Редакция
Дата на регистрацията/редакция 19.11.2015
Статус, дата на статуса добави в АБ / 11.01.2011
Служител, извършил регистрацията/редакцията Нора_Радева
999 ## - СИСТЕМНИ КОНТРОЛНИ НОМЕРА
Koha biblionumber 115287
Koha biblioitemnumber 115287
Наличности
Код за отписване Код за изгубен артикул Източник на класификационната схема Код за повреда Коз за рестрикции Код за отдаване Артикулен № Име на библиотеката - собственик Име на библиотеката, в която се намира в момента Статус (Текущо местоположение) Дата на вписване в системата Местоположение - отдел Цена в лева Инвентарен номер Систематично азбучна сигнатура Баркод Номер на екземпляра Цена в евро Служебна бележка Служебен тип на артикула
Изтеглен Не е изгубен Universal Decimal Classification Не е повреден без рестрикции заемане за дома 185158 Регионална библиотека "Любен Каравелов" Русе Регионална библиотека "Любен Каравелов" Русе Отдел Изкуство - подръчен фонд 1985-01-01 Отдел Изкуство - подръчен фонд 0.00 445115 745/П 91 445115 1 0.00 N: стар фонд Дата: 01.01.1985 Дата инв: 07.06.2012 Бележки инв: * Книги
  Не е изгубен Universal Decimal Classification Не е повреден без рестрикции заемане за дома 185159 Регионална библиотека "Любен Каравелов" Русе Регионална библиотека "Любен Каравелов" Русе Отдел Изкуство - подръчен фонд 1985-01-01 Отдел Изкуство - подръчен фонд 0.00 629646 745/749/П 91 120000629646 2 0.00 Дост: Pk Вид: Ф N: стар фонд Дата: 01.01.1985 Дата инв: 12.02.2015 Бележки инв: ИП2015 Книги
Vip Innovations Ltd, Rousse, Bulgaria 2025